00803nam a22001817a 4500003000900000008004100009040007100050082001900121100004100140245002700181260003200208300002600240505027300266541000800539650002400547650002700571650002300598AR-CdUCM190410b ||||| |||| 00| 0 spa d aMUNICIPALIDAD PROVINCIAL DEL CUSCOcBIBLIOTECA MUNICIPAL DEL CUSCO a869.57 /bSO66 aSolar Céspedes, José Augusto del aEl niño del cuento / aPerú :bGraficart,c2005. a134 paginas ;c21 cm. aContenido : Tofana (lealtad más allá de la muerte) -- Los duendecillos de Carmelina (realidades que superan a la imaginación) -- Pierrot (lo mas gracioso resulta cuando te burlas de ti mismo) -- Pandillero (no siempre será traumático pasar a la pubertad).... a--  aCuentos Cusqueños aNataciones cusqueñas aLiteratura Peruana